000 00904nam2a2200241 4500
001 rc\2948602
005 20260315060135.0
035 _a(NLR Aleph) 007096438
090 _a13601322
_c13601322
100 _a20090224d1937 u y0rusy50 ca
101 0 _arus
102 _aRU
105 _ay z |||||
200 0 _aˆ[‰Вып. 1]
_f[Введ.: Я. Квита]
210 _d1937
215 _aОбл., 107, [2] с., 2 с. объявл.
461 0 _1001rc\2948601
_12000#$aПромышленные здания СССР$e[Вып. 1-]$v[Вып. 1]
_96626264
_cМосква
_d1937
_nРед.-изд. упр. ЦУНХУ Госплана СССР и В/О "Союзоргучет"
_o[Вып. 1-]
_tПромышленные здания СССР
_v[Вып. 1]
702 1 _aКвит
_bЯ.
_4080
801 0 _aRU
_bNLR
_gpsbo
801 1 _aRU
_bELAR
_2rusmarc
852 _aNLR
_j37-19/138(1)
942 _cUNSPEC
980 _aNB